[Event "4NCL Division 4 South"]
[Site "Reading, ENG"]
[Date "2017.01.15"]
[Round "4.122"]
[White "Valentine, Brian J"]
[Black "Taylor, William J"]
[Result "1-0"]
[WhiteElo "1951"]
[BlackElo "2035"]
[PlyCount "67"]
[EventDate "2017.01.15"]
[WhiteTeam "MK Phoenix 2"]
[BlackTeam "West is Best 2"]

1. e4 e5 2. Nf3 Nc6 3. Bb5 a6 4. Ba4 Nf6 5. O-O b5 6. Bb3 Bb7 7. d3 Be7 8. Nc3
O-O 9. a3 d6 10. Ne2 Re8 11. Ng3 Bf8 12. Ng5 d5 13. exd5 Nd4 14. c4 h6 15. Nf3
Nxb3 16. Qxb3 c6 17. Re1 cxd5 18. cxb5 e4 19. Nd4 Bc5 20. Be3 Qb6 21. bxa6 Qxa6
22. dxe4 dxe4 23. Qb5 Qa7 24. Nc6 Bxc6 25. Qxc5 Qb7 26. Nf5 Qc7 27. Rac1 Ra5
28. Nxh6+ gxh6 29. Qxc6 Qe5 30. Qc7 Qh5 31. Rc5 Rxc5 32. Qxc5 Qh4 33. Qd6 Kh7
34. Qf4 1-0

[Event "4NCL Division 4 South"]
[Site "Reading, ENG"]
[Date "2017.01.15"]
[Round "4.123"]
[White "Richardt, Mike"]
[Black "Williamson, Kevin J"]
[Result "1/2-1/2"]
[WhiteElo "2039"]
[BlackElo "1935"]
[PlyCount "92"]
[EventDate "2017.01.15"]
[WhiteTeam "West is Best 2"]
[BlackTeam "MK Phoenix 2"]

1. d4 Nf6 2. c4 d6 3. Nc3 c6 4. e4 e5 5. d5 Be7 6. Nf3 Bg4 7. Be2 Nbd7 8. O-O
O-O 9. Ne1 Bxe2 10. Qxe2 cxd5 11. cxd5 Ne8 12. Nd3 f5 13. f4 fxe4 14. Nxe4 Nef6
15. Nc3 Qc7 16. Bd2 Rac8 17. b3 a6 18. Rac1 Qb8 19. Kh1 b5 20. Nb4 Qb7 21. Nc6
Bd8 22. fxe5 dxe5 23. Ne4 Nxe4 24. Rxf8+ Nxf8 25. Qxe4 Bf6 26. Bb4 Kh8 27. Qf5
Qd7 28. Qe4 Ng6 29. Re1 Nf4 30. Nxe5 Bxe5 31. Qxe5 Nxd5 32. Bc5 Nf6 33. b4 Re8
34. Qc3 Ne4 35. Qe3 Nf6 36. Qc3 Ne4 37. Qe3 Nf6 38. Qc1 h6 39. h3 Rxe1+ 40.
Qxe1 Qd5 41. Qf2 Qd1+ 42. Kh2 Qd5 43. Qb2 Qe4 44. Bd4 Nh5 45. Be5 Kh7 46. g4
Nf4 1/2-1/2

[Event "4NCL Division 4 South"]
[Site "Reading, ENG"]
[Date "2017.01.15"]
[Round "4.124"]
[White "Matthews, Adrian M S"]
[Black "Hassall, Mark I"]
[Result "1/2-1/2"]
[WhiteElo "1861"]
[BlackElo "1946"]
[PlyCount "46"]
[EventDate "2017.01.15"]
[WhiteTeam "MK Phoenix 2"]
[BlackTeam "West is Best 2"]

1. e4 c5 2. c3 Nf6 3. e5 Nd5 4. Bc4 Nb6 5. Bb3 c4 6. Bc2 d5 7. Nf3 Nc6 8. h3
Qc7 9. Qe2 g6 10. d4 cxd3 11. Bxd3 Bg7 12. Bf4 O-O 13. Na3 a6 14. Bg3 e6 15.
O-O Nd7 16. Rfe1 b5 17. Nc2 Nc5 18. Ncd4 Nxd3 19. Qxd3 Bd7 20. Nxc6 Bxc6 21.
Nd4 Qb6 22. Nf3 Rae8 23. Qd4 Qxd4 1/2-1/2

[Event "4NCL Division 4 South"]
[Site "Reading, ENG"]
[Date "2017.01.15"]
[Round "4.125"]
[White "Davies, Matthew"]
[Black "Whiteside, Robert"]
[Result "1-0"]
[WhiteElo "1941"]
[BlackElo "1821"]
[PlyCount "53"]
[EventDate "2017.01.15"]
[WhiteTeam "West is Best 2"]
[BlackTeam "MK Phoenix 2"]

1. d4 Nf6 2. c4 b6 3. Nf3 e6 4. a3 Bb7 5. Nc3 Be7 6. d5 O-O 7. e4 exd5 8. cxd5
Re8 9. Bd3 Na6 10. O-O c6 11. dxc6 dxc6 12. e5 Nd5 13. Qc2 g6 14. Rd1 Nxc3 15.
Qxc3 Nc5 16. Bh6 Qc8 17. Bc4 Ne6 18. Nd4 Nxd4 19. Rxd4 Bc5 20. Rf4 Re6 21. Bxe6
Qxe6 22. Rf6 Qd7 23. e6 fxe6 24. Rxe6 Bd4 25. Qc4 Kh8 26. Rae1 Rg8 27. Re7 1-0

[Event "4NCL Division 4 South"]
[Site "Reading, ENG"]
[Date "2017.01.15"]
[Round "4.126"]
[White "Miller, Max C"]
[Black "Gregory, Andrew M"]
[Result "0-1"]
[WhiteElo "1465"]
[BlackElo "1924"]
[PlyCount "102"]
[EventDate "2017.01.15"]
[WhiteTeam "MK Phoenix 2"]
[BlackTeam "West is Best 2"]

1. d4 d5 2. Nf3 Nf6 3. e3 Bg4 4. Nbd2 e6 5. Be2 Nbd7 6. O-O Bd6 7. b3 O-O 8.
Bb2 Ne4 9. Nxe4 dxe4 10. Nd2 Bxe2 11. Qxe2 f5 12. g3 c6 13. c4 Nf6 14. Rfd1 Qe7
15. f3 exf3 16. Nxf3 Rad8 17. Nd2 h5 18. e4 Ng4 19. e5 Bxe5 20. dxe5 Qc5+ 21.
Kh1 Nf2+ 22. Kg2 Nxd1 23. Rxd1 g6 24. Nf3 Rxd1 25. Qxd1 Qe3 26. Qd2 Qxd2+ 27.
Nxd2 Rd8 28. Nf3 g5 29. Nd4 c5 30. Nxe6 Rd2+ 31. Kf3 Rxb2 32. Nxg5 Rxh2 33. a3
Rb2 34. Kf4 Rxb3 35. e6 Kf8 36. Kxf5 Rxg3 37. Kf6 Rxg5 38. Kxg5 Ke7 39. Kxh5
Kxe6 40. Kg4 Ke5 41. Kf3 Kd4 42. Ke2 Kxc4 43. Kd2 Kb3 44. Kc1 Kxa3 45. Kc2 b5
46. Kb1 b4 47. Kc1 c4 48. Kb1 b3 49. Kc1 b2+ 50. Kb1 a5 51. Kc2 Ka2 0-1

[Event "4NCL Division 4 South"]
[Site "Telford, ENG"]
[Date "2017.02.11"]
[Round "5.21"]
[White "Vachtfeidl, Petr"]
[Black "Gilbert, Jonathan A"]
[Result "1/2-1/2"]
[WhiteElo "1983"]
[BlackElo "2105"]
[PlyCount "70"]
[EventDate "2017.02.11"]
[WhiteTeam "CSC Rhinos (2)"]
[BlackTeam "The Full Ponty"]

1. d4 d5 2. c4 c6 3. Nf3 Nf6 4. Nc3 a6 5. c5 Nbd7 6. Bf4 Nh5 7. Qd2 Nxf4 8.
Qxf4 g6 9. e4 dxe4 10. Ng5 Nf6 11. Bc4 e6 12. Ncxe4 Be7 13. Nxf6+ Bxf6 14. Ne4
Be7 15. h4 Qa5+ 16. Ke2 h5 17. Rh3 Qd8 18. Ng5 Bxg5 19. hxg5 Rh7 20. Qe5 Bd7
21. g4 Qa5 22. gxh5 O-O-O 23. h6 Qb4 24. b3 Qa3 25. Rd1 Qxa2+ 26. Rd2 Qb1 27.
Re3 Qf5 28. Qxf5 gxf5 29. f4 Rg8 30. b4 Kc7 31. Kf3 Rhh8 32. Rde2 Bc8 33. Kg3
Rxh6 34. Rh2 Rxh2 35. Kxh2 Rd8 1/2-1/2

[Event "4NCL Division 4 South"]
[Site "Telford, ENG"]
[Date "2017.02.11"]
[Round "5.22"]
[White "Davies, Peter"]
[Black "Lawson, Maurice E"]
[Result "1/2-1/2"]
[WhiteElo "2021"]
[BlackElo "1940"]
[PlyCount "162"]
[EventDate "2017.02.11"]
[WhiteTeam "The Full Ponty"]
[BlackTeam "CSC Rhinos (2)"]

1. d4 d5 2. c4 c6 3. Nf3 Nf6 4. g3 Bf5 5. Bg2 e6 6. O-O Bd6 7. Nc3 Nbd7 8. Nd2
O-O 9. e4 dxe4 10. Ndxe4 Bc7 11. Bg5 h6 12. Nxf6+ Nxf6 13. Bxf6 Qxf6 14. d5 Be5
15. dxc6 bxc6 16. Bxc6 Rac8 17. Qf3 Bh3 18. Qxf6 Bxf6 19. Bg2 Bxg2 20. Kxg2
Rxc4 21. Rad1 Rb8 22. Rd2 Bxc3 23. bxc3 Rxc3 24. Rd7 a5 25. Ra7 Ra3 26. Rc1
Rxa2 27. Rcc7 Rf8 28. h4 h5 29. Rc5 a4 30. Rca5 Rb8 31. Rxa4 Rxa4 32. Rxa4 Rb3
33. Ra7 f6 34. Ra5 e5 35. f4 exf4 36. gxf4 g6 37. f5 Kg7 38. fxg6 Kxg6 39. Rc5
Re3 40. Ra5 Re4 41. Kg3 Re3+ 42. Kg2 Re5 43. Ra4 Kf5 44. Kf3 Rb5 45. Rf4+ Ke6
46. Re4+ Re5 47. Ra4 Rb5 48. Re4+ Kf7 49. Kf4 Rb3 50. Ra4 Rh3 51. Kf5 Rf3+ 52.
Ke4 Rg3 53. Kf5 Rf3+ 54. Ke4 Rf1 55. Ke3 Kg6 56. Ke2 Rc1 57. Kf3 Rc3+ 58. Kf2
Kf5 59. Rb4 Rd3 60. Rb5+ Kg4 61. Rb4+ Kh3 62. Rf4 Rd6 63. Kf3 Ra6 64. Kf2 Ra2+
65. Kf3 Ra1 66. Kf2 Ra3 67. Rxf6 Kxh4 68. Rf3 Ra2+ 69. Kg1 Kg4 70. Rb3 Ra4 71.
Rc3 h4 72. Rb3 Ra1+ 73. Kh2 Ra2+ 74. Kh1 Rf2 75. Ra3 Rf3 76. Rxf3 Kxf3 77. Kh2
Kg4 78. Kg2 h3+ 79. Kh2 Kh4 80. Kg1 Kg3 81. Kh1 h2 1/2-1/2

[Event "4NCL Division 4 South"]
[Site "Telford, ENG"]
[Date "2017.02.11"]
[Round "5.23"]
[White "Fowler, David"]
[Black "Fletcher, John"]
[Result "1-0"]
[WhiteElo "1879"]
[BlackElo "1995"]
[PlyCount "115"]
[EventDate "2017.02.11"]
[WhiteTeam "CSC Rhinos (2)"]
[BlackTeam "The Full Ponty"]

1. d4 Nf6 2. c4 e6 3. Nc3 d5 4. cxd5 exd5 5. Bg5 Bb4 6. Qa4+ Nc6 7. e3 h6 8.
Bh4 g5 9. Bg3 Ne4 10. Rc1 h5 11. f3 Nxg3 12. hxg3 Qd6 13. Kf2 Bxc3 14. Rxc3 Bd7
15. Bb5 a6 16. Ne2 Nb8 17. Bxd7+ Nxd7 18. Qc2 c6 19. Rb3 O-O-O 20. Nc3 h4 21.
gxh4 Rxh4 22. Rxh4 gxh4 23. Ne2 h3 24. gxh3 Qh2+ 25. Ke1 Qxh3 26. e4 dxe4 27.
fxe4 Qh1+ 28. Kd2 Nf6 29. Re3 Kb8 30. Ng3 Qh6 31. Nf5 Qf4 32. Kc3 Rh8 33. Qd3
Rh2 34. Kb3 Ng4 35. Rf3 Qc1 36. Qc3 Qd1+ 37. Ka3 b5 38. Qb3 Qe1 39. Rc3 Qxe4
40. Qxf7 a5 41. Qf8+ Ka7 42. Qc5+ Ka6 43. Qxc6+ Qxc6 44. Rxc6+ Kb7 45. Rg6 Rh3+
46. b3 Ne3 47. Nd6+ Kc6 48. Nc4+ Kc7 49. Rg7+ Kc6 50. Nxa5+ Kb6 51. Rg6+ Kc7
52. Rc6+ Kd7 53. Rc5 Rh4 54. Kb4 Rxd4+ 55. Kxb5 Rd2 56. a4 Nd5 57. Nc4 Nc7+ 58.
Rxc7+ 1-0

[Event "4NCL Division 4 South"]
[Site "Telford, ENG"]
[Date "2017.02.11"]
[Round "5.24"]
[White "Adams, Mark"]
[Black "Cooke, Charlie"]
[Result "1-0"]
[WhiteElo "1965"]
[BlackElo "1821"]
[PlyCount "69"]
[EventDate "2017.02.11"]
[WhiteTeam "The Full Ponty"]
[BlackTeam "CSC Rhinos (2)"]

1. e4 e5 2. Nf3 Nf6 3. Nc3 Nc6 4. d4 exd4 5. Nxd4 Nxd4 6. Qxd4 d6 7. Bg5 Be7 8.
O-O-O O-O 9. e5 dxe5 10. Qxe5 Bd6 11. Qd4 h6 12. Bh4 Be7 13. Qc4 Bd6 14. Qd4
Be7 15. Qa4 Bd7 16. Qb3 Qc8 17. Bc4 c6 18. Rhe1 Bd8 19. Bxf6 Bxf6 20. Ne4 Be7
21. Nd6 Bxd6 22. Rxd6 b5 23. Bf1 Re8 24. Red1 Be6 25. Qc3 Bd5 26. Bxb5 Qb8 27.
R6xd5 cxd5 28. Bxe8 Qxe8 29. Rxd5 Rc8 30. Qd2 g5 31. c3 Qe4 32. f3 Qc4 33. a3
Rc7 34. Rd8+ Kh7 35. Qd3+ 1-0

[Event "4NCL Division 4 South"]
[Site "Telford, ENG"]
[Date "2017.02.11"]
[Round "5.25"]
[White "Homolka, Vincent"]
[Black "Thomas, Gary"]
[Result "1/2-1/2"]
[WhiteElo "1779"]
[BlackElo "1945"]
[PlyCount "47"]
[EventDate "2017.02.11"]
[WhiteTeam "CSC Rhinos (2)"]
[BlackTeam "The Full Ponty"]

1. e4 e6 2. d4 d5 3. Bd3 c5 4. exd5 exd5 5. dxc5 Bxc5 6. Nf3 Nf6 7. O-O O-O 8.
Nbd2 Nc6 9. Nb3 Bb6 10. h3 Be6 11. Bf4 Qc8 12. Re1 Nb4 13. Nbd4 Nxd3 14. Qxd3
Ne4 15. c3 h6 16. Re2 Bf5 17. Nxf5 Qxf5 18. Be3 Bc7 19. Bd4 Rfe8 20. Rae1 Re6
21. Nd2 Rae8 22. Qf3 Qxf3 23. Nxf3 a6 24. Kf1 1/2-1/2

[Event "4NCL Division 4 South"]
[Site "Telford, ENG"]
[Date "2017.02.11"]
[Round "5.26"]
[White "Dixon, Chris"]
[Black "Cresswell, Mike J"]
[Result "1-0"]
[WhiteElo "1800"]
[BlackElo "1725"]
[PlyCount "103"]
[EventDate "2017.02.11"]
[WhiteTeam "The Full Ponty"]
[BlackTeam "CSC Rhinos (2)"]

1. Nf3 Nf6 2. g3 g6 3. Bg2 Bg7 4. O-O c6 5. d3 O-O 6. Nbd2 d5 7. e4 dxe4 8.
dxe4 Bg4 9. h3 Bxf3 10. Qxf3 e5 11. Nc4 Ne8 12. Qb3 Qc7 13. a4 Nd7 14. Be3 b6
15. Rfd1 Nc5 16. Bxc5 bxc5 17. Qe3 Nf6 18. Qxc5 Rfd8 19. Qxe5 Rxd1+ 20. Rxd1
Qxe5 21. Nxe5 Rc8 22. Nc4 Kf8 23. f4 Ke7 24. Kf2 Ne8 25. Bf3 Rd8 26. Rxd8 Kxd8
27. e5 c5 28. Ke3 Nc7 29. c3 f6 30. exf6 Bxf6 31. Ne5 Kc8 32. Kd3 g5 33. Bg4+
Kb7 34. Nd7 Be7 35. fxg5 Bxg5 36. Nxc5+ Kc6 37. Ne6 Nxe6 38. Bxe6 Bc1 39. b4
Bg5 40. c4 Bf6 41. c5 h5 42. Kc4 Be5 43. g4 hxg4 44. hxg4 Bg3 45. g5 Be5 46. g6
Bg7 47. b5+ Kc7 48. a5 Bf8 49. Kd5 Bg7 50. Bf5 Bf8 51. c6 Bg7 52. Ke6 1-0

[Event "4NCL Division 4 South"]
[Site "Telford, ENG"]
[Date "2017.02.11"]
[Round "5.31"]
[White "Willmoth, Robert F"]
[Black "Higgie, Charles L"]
[Result "1-0"]
[WhiteElo "2282"]
[BlackElo "1945"]
[PlyCount "113"]
[EventDate "2017.02.11"]
[WhiteTeam "Barnet Knights 1"]
[BlackTeam "Shropshire 2"]

1. d4 Nf6 2. Nf3 g6 3. g3 Bg7 4. Bg2 O-O 5. O-O c5 6. c4 cxd4 7. Nxd4 Nc6 8.
Nc3 Qc7 9. Bf4 d6 10. Nxc6 bxc6 11. c5 Rd8 12. cxd6 exd6 13. Qd2 Nh5 14. Bg5 f6
15. Be3 Rb8 16. Rac1 f5 17. Nd5 Qb7 18. Rxc6 Qxb2 19. Qxb2 Bxb2 20. Ne7+ Kf8
21. Bxa7 Ra8 22. Rc7 Be6 23. Bxa8 Rxa8 24. a4 Ng7 25. Nc6 Ne8 26. Rxh7 Bg7 27.
Bd4 Rxa4 28. Bxg7+ Nxg7 29. Rh8+ Kf7 30. Nd8+ Ke7 31. Nxe6 Nxe6 32. Rh7+ Kf6
33. Rd1 Ng5 34. Rb7 Ke6 35. Rg7 Kf6 36. Rd7 Nf7 37. R7xd6+ Nxd6 38. Rxd6+ Kg5
39. f4+ Kh6 40. Kf2 Ra3 41. h3 Kg7 42. Rd3 Ra1 43. g4 Kf6 44. Rd6+ Kf7 45. Kg3
Ra3+ 46. Rd3 Ra2 47. e3 Re2 48. Ra3 Re1 49. Kh4 Kf6 50. Ra6+ Kf7 51. Kg5 Rxe3
52. Rf6+ Ke7 53. Rxg6 Rxh3 54. Kxf5 Kf7 55. Ra6 Rb3 56. Ra7+ Kf8 57. Kg6 1-0

[Event "4NCL Division 4 South"]
[Site "Telford, ENG"]
[Date "2017.02.11"]
[Round "5.32"]
[White "Lewis, Christopher D"]
[Black "Villiers, Thomas"]
[Result "0-1"]
[WhiteElo "1937"]
[BlackElo "2245"]
[PlyCount "68"]
[EventDate "2017.02.11"]
[WhiteTeam "Shropshire 2"]
[BlackTeam "Barnet Knights 1"]

1. e4 e6 2. d4 d5 3. Nd2 c5 4. exd5 Qxd5 5. dxc5 Bxc5 6. Ngf3 Nf6 7. Bd3 Nc6 8.
a3 O-O 9. Qe2 e5 10. Ne4 Be7 11. Nc3 Qa5 12. O-O Bg4 13. Re1 Rfe8 14. Bd2 Qb6
15. Rab1 Nd4 16. Qd1 Bc5 17. Na4 Nxf3+ 18. Qxf3 Bxf3 19. Nxb6 Bxb6 20. gxf3
Rad8 21. Bg5 Rd6 22. Re2 h6 23. Bxf6 Rxf6 24. Be4 Re7 25. Rd1 Rf4 26. Kg2 f5
27. Bd5+ Kh7 28. Rde1 Rd4 29. c4 Bc7 30. Bxb7 Rxc4 31. Ba6 Rh4 32. h3 Re6 33.
Rc1 Rg6+ 34. Kf1 Rxh3 0-1

[Event "4NCL Division 4 South"]
[Site "Telford, ENG"]
[Date "2017.02.11"]
[Round "5.33"]
[White "Eden, Tomer"]
[Black "Tarr, Steve F"]
[Result "1-0"]
[WhiteElo "2177"]
[BlackElo "1825"]
[PlyCount "51"]
[EventDate "2017.02.11"]
[WhiteTeam "Barnet Knights 1"]
[BlackTeam "Shropshire 2"]

1. c4 Nf6 2. Nf3 c6 3. Nc3 d5 4. e3 e6 5. b3 Nbd7 6. Bb2 g6 7. Be2 Bg7 8. O-O
O-O 9. d3 a6 10. Rc1 dxc4 11. bxc4 b5 12. Nd4 Bb7 13. Nb3 bxc4 14. dxc4 Ne5 15.
Ba3 Qxd1 16. Rfxd1 Rfd8 17. Na5 Rxd1+ 18. Rxd1 Ne8 19. Nxb7 Nxc4 20. Bxc4 Bxc3
21. Rd8 Rxd8 22. Nxd8 a5 23. Nxc6 Nc7 24. Bd6 Na8 25. a4 Nb6 26. Bb3 1-0

[Event "4NCL Division 4 South"]
[Site "Telford, ENG"]
[Date "2017.02.11"]
[Round "5.34"]
[White "Maydew, Simon"]
[Black "Orgler, Philipp"]
[Result "1/2-1/2"]
[WhiteElo "1810"]
[BlackElo "2110"]
[PlyCount "69"]
[EventDate "2017.02.11"]
[WhiteTeam "Shropshire 2"]
[BlackTeam "Barnet Knights 1"]

1. d4 d5 2. Nf3 e6 3. e3 c5 4. b3 cxd4 5. exd4 Nf6 6. Bd3 Bd6 7. O-O O-O 8. Bb2
Nc6 9. Nbd2 b6 10. a3 Bb7 11. Ne5 Ne7 12. Qe2 Bxe5 13. dxe5 Nd7 14. b4 Ng6 15.
f4 Qe7 16. Nb3 Rfe8 17. Nd4 f5 18. Nb5 Ndf8 19. Nd6 Red8 20. Bd4 Nh8 21. c3 Nf7
22. Nxb7 Qxb7 23. Ba6 Qe7 24. a4 g5 25. g3 gxf4 26. gxf4 Ng6 27. Qh5 Kh8 28.
Kh1 Rg8 29. a5 bxa5 30. Rxa5 Rg7 31. Bd3 Nh4 32. Bc5 Qd8 33. Raa1 d4 34. Be2
Ng6 35. Bxd4 1/2-1/2

[Event "4NCL Division 4 South"]
[Site "Telford, ENG"]
[Date "2017.02.11"]
[Round "5.35"]
[White "Karia, Rishul"]
[Black "Ross, Stuart"]
[Result "0-1"]
[WhiteElo "1915"]
[BlackElo "1720"]
[PlyCount "74"]
[EventDate "2017.02.11"]
[WhiteTeam "Barnet Knights 1"]
[BlackTeam "Shropshire 2"]

1. e4 c5 2. Nc3 Nc6 3. Bc4 g6 4. f4 Bg7 5. Nf3 e6 6. O-O Nge7 7. e5 d5 8. Bb3
a6 9. a4 O-O 10. Ne2 c4 11. Ba2 b5 12. b3 Bd7 13. c3 f6 14. exf6 Bxf6 15. Rb1
cxb3 16. Bxb3 Na5 17. axb5 Bxb5 18. Ba4 Bd3 19. Bc2 Bb5 20. Re1 Qb6+ 21. Kh1
Bg7 22. Ned4 Bxd4 23. Nxd4 Rxf4 24. d3 Rf6 25. Bg5 Raf8 26. Bxf6 Rxf6 27. Qd2
Nf5 28. Nxf5 Rxf5 29. c4 dxc4 30. dxc4 Nxc4 31. Qc3 Rf2 32. Bxg6 hxg6 33. Qxc4
Bxc4 34. Rxb6 Bd5 35. Rg1 Ra2 36. Rbb1 a5 37. Ra1 Bxg2+ 0-1

[Event "4NCL Division 4 South"]
[Site "Telford, ENG"]
[Date "2017.02.11"]
[Round "5.36"]
[White "Peck, Windsor W A"]
[Black "Covey, Jason"]
[Result "0-1"]
[WhiteElo "1547"]
[BlackElo "1832"]
[PlyCount "84"]
[EventDate "2017.02.11"]
[WhiteTeam "Shropshire 2"]
[BlackTeam "Barnet Knights 1"]

1. d4 e6 2. Nf3 Nf6 3. e3 b6 4. b3 Bb7 5. Bb2 c5 6. Bd3 d5 7. O-O Nc6 8. a3 Bd6
9. Nbd2 O-O 10. Ne5 Qc7 11. f4 Rac8 12. Qf3 Ne7 13. Qh3 Ne4 14. c4 h6 15. Ndf3
dxc4 16. Bxc4 Nd5 17. Rfe1 Qe7 18. g4 cxd4 19. Nxd4 Bxe5 20. fxe5 f6 21. Qh4
Ng5 22. exf6 Rxf6 23. Qg3 Ne4 24. Qe5 Nf2 25. h4 Nxg4 26. Qg3 Ndxe3 {
Scoresheet "Nxe3", could be either knight.} 27. Rxe3 Nxe3 28. Qxe3 Rg6+ 29. Kf1
Rf8+ 30. Ke2 Rg2+ 31. Kd3 Rxb2 32. Nxe6 b5 33. Kc3 Rf3 34. Nd4+ bxc4 35. Qxf3
Bxf3 36. Kxb2 Qxh4 37. Kc3 Be4 38. bxc4 g5 39. Rf1 g4 40. Rf4 Bg6 41. Nf3 Qg3
42. Rf6 gxf3 0-1

[Event "4NCL Division 4 South"]
[Site "Telford, ENG"]
[Date "2017.02.11"]
[Round "5.41"]
[White "Brown, Alan M"]
[Black "Ng, Chung Lok Andrew"]
[Result "1-0"]
[WhiteElo "1971"]
[BlackElo "1930"]
[PlyCount "77"]
[EventDate "2017.02.11"]
[WhiteTeam "MK Phoenix 2"]
[BlackTeam "Wood Green MM 2"]

1. d4 Nf6 2. c4 e6 3. Nc3 Bb4 4. Qc2 b6 5. e4 c5 6. d5 Qe7 7. Be2 d6 8. Nf3 e5
9. Bd2 O-O 10. a3 Ba5 11. h3 Bd7 12. g4 Na6 13. Nh2 Nc7 14. g5 Nfe8 15. Bg4 b5
16. b3 Bxc3 17. Qxc3 a5 18. a4 bxa4 19. bxa4 f5 20. exf5 Bxf5 21. Qg3 Qd8 22.
O-O Na6 23. f4 exf4 24. Qxf4 g6 25. Bxf5 Rxf5 26. Qh4 Ra7 27. Ng4 Rxf1+ 28.
Rxf1 h5 29. Nh6+ Kh7 30. Rf8 Rg7 31. Bc3 Qe7 32. Qf4 Nb4 33. Bxg7 Nxg7 34. Qf7
Qe3+ 35. Kh2 Qe2+ 36. Qf2 Qe5+ 37. Kh1 Qe4+ 38. Kg1 Nd3 39. Rh8+ 1-0

[Event "4NCL Division 4 South"]
[Site "Telford, ENG"]
[Date "2017.02.11"]
[Round "5.42"]
[White "Guha, Chirag"]
[Black "Valentine, Brian J"]
[Result "1-0"]
[WhiteElo "1922"]
[BlackElo "1965"]
[PlyCount "67"]
[EventDate "2017.02.11"]
[WhiteTeam "Wood Green MM 2"]
[BlackTeam "MK Phoenix 2"]

1. d4 Nf6 2. c4 e6 3. g3 c5 4. Nf3 cxd4 5. Nxd4 d5 6. Nc3 e5 7. Nf3 d4 8. Nd5
Nxd5 9. cxd5 Qxd5 10. Bg2 Nc6 11. e3 Bb4+ 12. Bd2 dxe3 13. Bxb4 exf2+ 14. Kxf2
Qxd1 15. Raxd1 Nxb4 16. Nxe5 a5 17. a3 Na6 18. Nc4 O-O 19. Nxa5 Nc5 20. b4 Ra7
21. Rd5 Ne6 22. Rhd1 g6 23. Rb5 Nc7 24. Rb6 Na8 25. Rbd6 b6 26. Nc6 Rc7 27. Rd8
Bb7 28. b5 Kg7 29. Rxf8 Kxf8 30. Rd8+ Kg7 31. Bd5 f5 32. Bg2 Kh6 {(=)} 33. h4
Kg7 34. Nd4 1-0

[Event "4NCL Division 4 South"]
[Site "Telford, ENG"]
[Date "2017.02.11"]
[Round "5.43"]
[White "Adebajo, Olufemi"]
[Black "Green, Emily"]
[Result "0-1"]
[WhiteElo "1928"]
[BlackElo "1855"]
[PlyCount "128"]
[EventDate "2017.02.11"]
[WhiteTeam "MK Phoenix 2"]
[BlackTeam "Wood Green MM 2"]

1. e4 e5 2. Nc3 Nf6 3. Nf3 Nc6 4. g3 Bc5 5. Bg2 d6 6. O-O O-O 7. h3 Be6 8. d3
h6 9. Na4 Bb6 10. Nxb6 axb6 11. a3 Qd7 12. Kh2 Rae8 13. Be3 d5 14. exd5 Nxd5
15. Bd2 Bf5 16. Nh4 Bh7 17. Qh5 Nf6 18. Qd1 Rd8 19. Bc3 Nd5 20. Bd2 Rfe8 21.
Be3 Nf6 22. Qc1 Kh8 23. b4 e4 24. dxe4 Nxe4 25. Qb2 Kg8 26. Rad1 Qe6 27. Rde1
Qf6 28. Qxf6 Nxf6 29. Rc1 Ra8 30. b5 Ne5 31. Ra1 Nc4 32. Bd4 Ne4 33. a4 Ned6
34. Rfc1 Ra7 35. Bd5 Rea8 36. Re1 Kf8 37. Ng2 Rxa4 38. Rxa4 Rxa4 39. c3 Ra5 40.
Nf4 Rxb5 41. Nh5 Rxd5 42. Bxg7+ Kg8 43. Nf6+ Kxg7 44. Nxd5 c6 45. Nf4 Bg6 46.
h4 Kf6 47. g4 b5 48. f3 Ne5 49. Kg3 Ndc4 50. Ng2 Nd3 51. Re8 Nc5 52. f4 Ne4+
53. Kf3 Nxc3 54. f5 Bh7 55. Nf4 Ne5+ 56. Kg3 Ne4+ 57. Kh3 Nf2+ 58. Kg3 Nfxg4
59. Rb8 Bxf5 60. Rxb7 Bg6 61. Rc7 h5 62. Rb7 Nd3 63. Nh3 Nge5 64. Ng5 Bf5 0-1

[Event "4NCL Division 4 South"]
[Site "Telford, ENG"]
[Date "2017.02.11"]
[Round "5.44"]
[White "Bulmaga, Elena"]
[Black "Obi, Marc On"]
[Result "1/2-1/2"]
[WhiteElo "1779"]
[BlackElo "1798"]
[PlyCount "159"]
[EventDate "2017.02.11"]
[WhiteTeam "Wood Green MM 2"]
[BlackTeam "MK Phoenix 2"]

1. Nf3 c6 2. g3 d6 3. Bg2 e5 4. d3 Nf6 5. O-O Qc7 6. Nbd2 Be7 7. b3 Bg4 8. Bb2
Nbd7 9. Rc1 b5 10. c4 b4 11. Qe1 O-O 12. h3 Bf5 13. Nh4 Be6 14. e4 Qa5 15. Ra1
Nc5 16. Qe3 Rfe8 17. Kh2 Rad8 18. Nhf3 h6 19. d4 exd4 20. Nxd4 Bd7 21. a3 bxa3
22. Rxa3 Qb6 23. Qc3 Bf8 24. f3 Nb7 25. b4 c5 26. bxc5 Nxc5 27. N2b3 Na4 28.
Qc2 Nxb2 29. Qxb2 d5 30. exd5 Bxa3 31. Qxa3 Re3 32. c5 Qb8 33. d6 Be6 34. Qc1
Rxb3 35. Nxb3 Bxb3 36. Re1 Qc8 37. f4 Bd5 38. Bxd5 Nxd5 39. Rd1 Qc6 40. Qd2 Nf6
41. Rc1 Rc8 42. Qa2 a6 43. Qc2 Nd7 44. Qf5 g6 45. Qg4 h5 46. Qg5 Nxc5 47. Qe5
Rd8 48. Qxc5 Qxd6 49. Qxd6 Rxd6 50. Rc8+ Kg7 51. Ra8 Kf6 52. Kg2 Ke6 53. Ra7 f5
54. Kf2 Kd5 55. Kf3 Kc4 56. Rc7+ Kb5 57. Rc1 a5 58. Rb1+ Kc4 59. Rc1+ Kb3 60.
Rb1+ Kc2 61. Ra1 Ra6 62. g4 hxg4+ 63. hxg4 a4 64. gxf5 gxf5 65. Ra3 Kb2 66. Re3
Ra5 67. Re5 Rxe5 68. fxe5 a3 69. e6 a2 70. e7 a1=Q 71. e8=Q Qf1+ 72. Kg3 Qg1+
73. Kf4 Qg4+ 74. Ke3 Qg3+ 75. Ke2 Qg2+ 76. Ke3 Qg3+ 77. Ke2 f4 78. Qb5+ Kc3 79.
Qc5+ Kb2 80. Qb4+ 1/2-1/2

[Event "4NCL Division 4 South"]
[Site "Telford, ENG"]
[Date "2017.02.11"]
[Round "5.45"]
[White "Shaw, John S"]
[Black "Ivanov, Elizabeth"]
[Result "0-1"]
[WhiteElo "1721"]
[BlackElo "1772"]
[PlyCount "64"]
[EventDate "2017.02.11"]
[WhiteTeam "MK Phoenix 2"]
[BlackTeam "Wood Green MM 2"]

1. b3 d5 2. Bb2 c5 3. e3 Nc6 4. Nf3 Bg4 5. h3 Bh5 6. Be2 e6 7. O-O Nf6 8. d4 b6
9. g4 Bg6 10. Bb5 Rc8 11. Ne5 Qd6 12. Nd2 h5 13. f4 hxg4 14. hxg4 Ne4 15. Kg2
Nxd2 16. Qxd2 Be4+ 17. Kg3 Be7 18. g5 f6 19. Nxc6 Rxc6 20. Bd3 fxg5 21. dxc5
gxf4+ 22. exf4 Bh4+ 23. Kg4 Qf8 24. Bxe4 dxe4 25. f5 exf5+ 26. Kf4 Qe7 27. Rg1
g5+ 28. Ke3 g4 29. Bxh8 Bg5+ 30. Ke2 Bxd2 31. Kxd2 Qxc5 32. c3 Qf2+ 0-1

[Event "4NCL Division 4 South"]
[Site "Telford, ENG"]
[Date "2017.02.11"]
[Round "5.46"]
[White "Lovell, William Pm"]
[Black "Miller, Max C"]
[Result "1-0"]
[WhiteElo "1817"]
[BlackElo "1462"]
[PlyCount "101"]
[EventDate "2017.02.11"]
[WhiteTeam "Wood Green MM 2"]
[BlackTeam "MK Phoenix 2"]

1. d4 d5 2. Nf3 e6 3. c4 c5 4. cxd5 exd5 5. g3 Nc6 6. Nc3 Nf6 7. Bg5 Be7 8.
dxc5 d4 9. Bxf6 Bxf6 10. Ne4 Be7 11. Qa4 Bf5 12. Nfd2 O-O 13. Bg2 Re8 14. O-O
Rc8 15. Nb3 Bxe4 16. Bxe4 a6 17. Rfd1 Bf6 18. Bxc6 Rxc6 19. Nxd4 Bxd4 20. Rxd4
Qe7 21. e3 Qxc5 22. Rad1 g6 23. Rd5 Qc4 24. Qxc4 Rxc4 25. R1d4 Rc2 26. Rb4 Rb8
27. Rb6 Rc7 28. Rd4 Kf8 29. Rdb4 Ke8 30. Kg2 Kd7 31. Rxa6 bxa6 32. Rxb8 Rc6 33.
Kf3 Rf6+ 34. Ke2 Kc7 35. Rb4 Rc6 36. Kd3 a5 37. Rc4 Rxc4 38. Kxc4 Kc6 39. a3
Kd6 40. f4 Ke6 41. e4 h6 42. b4 axb4 43. axb4 g5 44. Kc5 f5 45. e5 Kf7 46. b5
Kg6 47. e6 Kh5 48. e7 Kg4 49. e8=Q Kh3 50. Qh5+ Kg2 51. fxg5 1-0

[Event "4NCL Division 4 South"]
[Site "Telford, ENG"]
[Date "2017.02.11"]
[Round "5.51"]
[White "Davis, Holden"]
[Black "Richmond, Peter"]
[Result "1/2-1/2"]
[WhiteElo "1741"]
[BlackElo "2097"]
[PlyCount "61"]
[EventDate "2017.02.11"]
[WhiteTeam "Cambridge University 3"]
[BlackTeam "Brown Jack 2"]

1. e4 c5 2. d4 cxd4 3. c3 Nf6 4. e5 Nd5 5. Qxd4 e6 6. Nf3 Nc6 7. Qe4 d6 8. Nbd2
dxe5 9. Nxe5 Nxe5 10. Qxe5 Bd7 11. Bc4 Bc6 12. O-O Qc7 13. Qxc7 Nxc7 14. a4 Be7
15. Nb3 O-O 16. Na5 Bd5 17. Bxd5 Nxd5 18. Nxb7 a5 19. c4 Nb4 20. Bf4 Nd3 21.
Bd6 Bxd6 22. Nxd6 Rfd8 23. Nb5 Nxb2 24. c5 Rac8 25. Nd6 Rc7 26. Ra3 Rb8 27. Rc1
Rb4 28. c6 Nxa4 29. g3 Kf8 30. Rxa4 Rxa4 31. Nb5 1/2-1/2